| 000 | 00870nam a22002177a 4500 | ||
|---|---|---|---|
| 005 | 20250619153335.0 | ||
| 010 | _aB-761737-745 ENG-145458 BACEN25 | ||
| 020 |
_a9789390473687 _c545.00 |
||
| 035 | _aB-761737-745 | ||
| 035 | _aEN-128990 | ||
| 037 | _bAcademic Aspirations | ||
| 037 | _bDBAD | ||
| 082 | _a355.2230954 | ||
| 100 |
_aVyas,R.D. _982166 |
||
| 245 |
_aScience and Technology in War / _cR.D. Vyas |
||
| 260 |
_aNew Delhi _bAcademic Aspirations _c2025 |
||
| 270 |
_a4740/23, Ansari Road, Daryaganj _bNew Delhi _e110002 _macademicaspiration@gmail.com |
||
| 300 |
_a312p. _c23cm(pbk) |
||
| 942 |
_2ddc _cEN _h355.2230954 _mVYS |
||
| 999 |
_c209290 _d209290 |
||